| 000 | 00369nam a22001457a 4500 | ||
|---|---|---|---|
| 003 | OSt | ||
| 005 | 20211025111607.0 | ||
| 008 | 211025b |||||||| |||| 00| 0 eng d | ||
| 040 | _cHAWASSA UNIVERSITY | ||
| 050 |
_a632/PES _b2 |
||
| 082 |
_a632/PES _b2 |
||
| 245 | _aTHE STERIL-INSECT THCHNIQUE AND ITS FIELD APPLICATIONS | ||
| 260 |
_bFAO _c1974 |
||
| 942 |
_2ddc _cBOOKS _n0 |
||
| 999 |
_c14648 _d14648 |
||